Statistics for Famous Cats

Click here to take the quiz!

General Stats

  • This quiz has been taken 15,427 times
    (14,430 since last reset)
  • The average score is 11 of 22

Answer Stats

ClueCat% Correct
Newspaper comics cat who
loves lasagna
Garfield
91%
Swashbuckling cat from "Shrek"Puss in Boots
87%
Mufasa's sonSimba
84%
Jerry's rivalTom
84%
Evil uncle of the aboveScar
80%
Bipedal Dr. Seuss catCat in the Hat
79%
Grinning Wonderland catCheshire Cat
78%
"Puddy tat" that Tweety Bird
thought he saw
Sylvester
74%
Itchy's enemyScratchy
72%
Funny pages friend of CalvinHobbes
58%
Say hi to this Japanese catHello Kitty
50%
Cheetos mascotChester Cheetah
42%
Had adventures with OtisMilo
38%
Cat from "The Simpsons"Snowball II
38%
Hermione's catCrookshanks
36%
Bill Clinton's pet catSocks
27%
"Meet the Parents" catMr. Jinx
23%
Cute kitten that the above wants to
send to Abu Dhabi
Nermal
22%
Dr. Evil's catMr. Bigglesworth
20%
Gargamels' catAzrael
19%
Mother cat from "Aristocats"Duchess
19%
"Thundercats" leaderLion-O
17%

Score Distribution

Percentile by Number Answered

Percent of People with Each Score

Your Score History

You have not taken this quiz since the last reset